[Event "Rapid 2018"]
[Site "Saint-Petersburg"]
[Date "2018.12.28"]
[Round "12"]
[Board "32"]
[White "Tang Andrew (USA)"]
[Black "Potkin Vladimir (RUS)"]
[Result "1-0"]
[LiveChessVersion "1.4.8"]
[BlackElo "2635"]
[WhiteElo "2281"]

1. d4 {[%clk 0:15:18]} d5 {[%clk 0:15:19]} 2. Bf4 {[%clk 0:15:25]} Nf6
{[%clk 0:15:26]} 3. e3 {[%clk 0:15:32]} c5 {[%clk 0:15:35]} 4. dxc5
{[%clk 0:15:36]} Nc6 {[%clk 0:15:38]} 5. Bb5 {[%clk 0:15:44]} e6 {[%clk 0:15:01]}
6. b4 {[%clk 0:15:52]} a5 {[%clk 0:15:08]} 7. c3 {[%clk 0:16:01]} Be7
{[%clk 0:14:34]} 8. Ne2 {[%clk 0:14:52]} O-O {[%clk 0:14:38]} 9. Qb3
{[%clk 0:14:52]} e5 {[%clk 0:14:12]} 10. Bg3 {[%clk 0:14:40]} Ne4
{[%clk 0:13:17]} 11. O-O {[%clk 0:13:56]} Be6 {[%clk 0:12:46]} 12. Rd1
{[%clk 0:13:27]} Qc7 {[%clk 0:10:53]} 13. Qb2 {[%clk 0:09:28]} f5
{[%clk 0:08:55]} 14. f3 {[%clk 0:04:43]} Nxg3 {[%clk 0:09:03]} 15. hxg3
{[%clk 0:04:48]} b6 {[%clk 0:09:04]} 16. Bxc6 {[%clk 0:04:05]} Qxc6
{[%clk 0:09:13]} 17. a4 {[%clk 0:03:37]} axb4 {[%clk 0:08:51]} 18. cxb4
{[%clk 0:03:44]} bxc5 {[%clk 0:08:59]} 19. b5 {[%clk 0:03:51]} Qb6
{[%clk 0:09:08]} 20. a5 {[%clk 0:03:39]} Qb8 {[%clk 0:08:05]} 21. b6
{[%clk 0:03:01]} c4 {[%clk 0:07:09]} 22. Nbc3 {[%clk 0:02:57]} Rd8
{[%clk 0:06:29]} 23. Qb5 {[%clk 0:03:00]} d4 {[%clk 0:02:41]} 24. exd4
{[%clk 0:03:01]} exd4 {[%clk 0:02:51]} 25. Nxd4 {[%clk 0:03:08]} Rxd4
{[%clk 0:01:53]} 26. Rxd4 {[%clk 0:03:17]} Qxg3 {[%clk 0:01:39]} 27. Qc6
{[%clk 0:03:14]} Qe5 {[%clk 0:01:23]} 28. Qxa8+ {[%clk 0:03:21]} Kf7
{[%clk 0:01:32]} 29. Rad1 {[%clk 0:03:12]} Bc5 {[%clk 0:00:59]} 30. Qd8
{[%clk 0:03:10]} Qe3+ {[%clk 0:00:57]} 31. Kf1 {[%clk 0:02:32]} Qxc3
{[%clk 0:01:02]} 32. b7 {[%clk 0:02:31]} 1-0

[Event "Rapid 2018"]
[Site "Saint-Petersburg"]
[Date "2018.12.28"]
[Round "12"]
[Board "33"]
[White "Van Foreest Jorden (NED)"]
[Black "Ragger Markus (AUT)"]
[Result "1/2-1/2"]
[LiveChessVersion "1.4.8"]
[BlackElo "2632"]
[WhiteElo "2401"]

1. e4 {[%clk 0:15:18]} e5 {[%clk 0:15:19]} 2. Nf3 {[%clk 0:15:25]} Nc6
{[%clk 0:15:27]} 3. Bc4 {[%clk 0:15:32]} Bc5 {[%clk 0:15:36]} 4. c3
{[%clk 0:15:40]} Nf6 {[%clk 0:15:43]} 5. d3 {[%clk 0:15:49]} O-O {[%clk 0:15:49]}
6. O-O d5 {[%clk 0:15:54]} 7. exd5 {[%clk 0:16:00]} Nxd5 {[%clk 0:16:02]} 8. Re1
{[%clk 0:15:30]} Bg4 {[%clk 0:16:03]} 9. h3 {[%clk 0:14:14]} Bh5 {[%clk 0:16:10]}
10. Nbd2 {[%clk 0:14:22]} Nb6 {[%clk 0:15:33]} 11. Bb3 {[%clk 0:14:31]} Qxd3
{[%clk 0:13:37]} 12. Nxe5 {[%clk 0:14:38]} Bxd1 {[%clk 0:13:45]} 13. Nxd3
{[%clk 0:14:31]} Bxb3 {[%clk 0:13:53]} 14. axb3 {[%clk 0:14:02]} Be7
{[%clk 0:12:44]} 15. b4 {[%clk 0:13:52]} Rfe8 {[%clk 0:12:06]} 16. Nb3
{[%clk 0:12:55]} Rad8 {[%clk 0:10:15]} 17. b5 {[%clk 0:12:01]} Rxd3
{[%clk 0:10:13]} 18. bxc6 {[%clk 0:12:06]} bxc6 {[%clk 0:10:20]} 19. Rxa7
{[%clk 0:11:21]} Kf8 {[%clk 0:10:26]} 20. Kf1 {[%clk 0:08:48]} Bd6
{[%clk 0:09:23]} 21. Nd4 {[%clk 0:08:51]} c5 {[%clk 0:08:12]} 22. Rxe8+
{[%clk 0:08:33]} Kxe8 {[%clk 0:08:19]} 23. Ke2 {[%clk 0:08:22]} c4
{[%clk 0:08:28]} 24. Bd2 {[%clk 0:07:19]} Be5 {[%clk 0:06:39]} 25. Nc6
{[%clk 0:07:27]} Bd6 {[%clk 0:06:31]} 26. Ra5 {[%clk 0:05:58]} Rd5
{[%clk 0:02:41]} 27. Rxd5 {[%clk 0:05:23]} Nxd5 {[%clk 0:02:50]} 28. Be3
{[%clk 0:04:50]} Bf4 {[%clk 0:02:06]} 29. Bd4 {[%clk 0:01:08]} Bc1
{[%clk 0:01:50]} 30. Kd1 {[%clk 0:01:04]} Bxb2 {[%clk 0:01:52]} 31. Kc2
{[%clk 0:01:13]} Ba1 {[%clk 0:00:53]} 32. Na5 {[%clk 0:00:57]} c5
{[%clk 0:00:51]} 33. Bxg7 {[%clk 0:01:05]} f6 {[%clk 0:01:09]} 34. Nxc4
{[%clk 0:00:41]} Bxc3 35. Bh6 {[%clk 0:00:25]} Bd4 {[%clk 0:01:17]} 36. f3
{[%clk 0:00:24]} Kd7 {[%clk 0:01:22]} 37. Bd2 {[%clk 0:00:29]} f5
{[%clk 0:01:20]} 38. g4 {[%clk 0:00:34]} Ke6 {[%clk 0:01:27]} 39. Kd3
{[%clk 0:00:40]} 1/2-1/2

[Event "Rapid 2018"]
[Site "Saint-Petersburg"]
[Date "2018.12.28"]
[Round "12"]
[Board "34"]
[White "Tomashevsky Evgeny (RUS)"]
[Black "Bazeev German (RUS)"]
[Result "1-0"]
[LiveChessVersion "1.4.8"]
[BlackElo "2418"]
[WhiteElo "2737"]

1. c4 {[%clk 0:15:18]} e5 {[%clk 0:14:49]} 2. Nc3 {[%clk 0:15:24]} Nc6
{[%clk 0:14:54]} 3. g3 {[%clk 0:15:22]} h5 {[%clk 0:15:03]} 4. h4
{[%clk 0:13:24]} Bb4 {[%clk 0:14:49]} 5. Bg2 {[%clk 0:13:16]} Nge7
{[%clk 0:13:41]} 6. Nf3 {[%clk 0:13:08]} Bxc3 {[%clk 0:12:27]} 7. bxc3
{[%clk 0:13:07]} d6 {[%clk 0:12:36]} 8. d4 {[%clk 0:12:04]} Bf5 {[%clk 0:11:59]}
9. d5 {[%clk 0:10:01]} Nb8 {[%clk 0:12:02]} 10. c5 {[%clk 0:10:09]} Na6
{[%clk 0:11:47]} 11. Qa4+ {[%clk 0:08:26]} Kf8 {[%clk 0:11:25]} 12. Ba3
{[%clk 0:08:32]} f6 {[%clk 0:09:48]} 13. c6 {[%clk 0:08:12]} Qe8 {[%clk 0:08:29]}
14. cxb7 {[%clk 0:07:55]} Qxa4 {[%clk 0:07:43]} 15. bxa8=Q+ {[%clk 0:08:01]} Bc8
{[%clk 0:07:32]} 16. Bb4 {[%clk 0:06:23]} Nxb4 {[%clk 0:06:30]} 17. cxb4
{[%clk 0:06:32]} Qxb4+ {[%clk 0:06:39]} 18. Nd2 {[%clk 0:06:29]} Qa5
{[%clk 0:06:26]} 19. Qb8 {[%clk 0:05:53]} Kf7 {[%clk 0:06:28]} 20. Qb2
{[%clk 0:04:54]} Bf5 {[%clk 0:06:08]} 21. O-O {[%clk 0:04:55]} g5
{[%clk 0:06:16]} 22. Nf3 {[%clk 0:04:35]} 1-0

[Event "Rapid 2018"]
[Site "Saint-Petersburg"]
[Date "2018.12.28"]
[Round "12"]
[Board "35"]
[White "Levin Evgeny A. (RUS)"]
[Black "Sjugirov Sanan (RUS)"]
[Result "1-0"]
[LiveChessVersion "1.4.8"]
[BlackElo "2722"]
[WhiteElo "2563"]

1. d4 {[%clk 0:15:18]} Nf6 {[%clk 0:15:18]} 2. c4 {[%clk 0:15:26]} g6
{[%clk 0:15:18]} 3. Nc3 {[%clk 0:15:34]} d5 {[%clk 0:15:27]} 4. cxd5
{[%clk 0:15:37]} Nxd5 {[%clk 0:15:36]} 5. e4 {[%clk 0:15:41]} Nxc3
{[%clk 0:15:45]} 6. bxc3 {[%clk 0:15:50]} Bg7 {[%clk 0:15:54]} 7. Nf3
{[%clk 0:15:57]} c5 {[%clk 0:16:03]} 8. Be3 {[%clk 0:16:03]} O-O {[%clk 0:15:51]}
9. Qd2 {[%clk 0:16:04]} Nd7 {[%clk 0:15:47]} 10. Bd3 {[%clk 0:14:09]} b6
{[%clk 0:13:11]} 11. O-O {[%clk 0:12:00]} e6 {[%clk 0:12:07]} 12. Bh6
{[%clk 0:10:26]} Bb7 {[%clk 0:12:02]} 13. Rfe1 {[%clk 0:10:27]} Rc8
{[%clk 0:12:00]} 14. Rad1 {[%clk 0:10:03]} Qc7 {[%clk 0:10:50]} 15. h4
{[%clk 0:08:40]} Nf6 {[%clk 0:08:04]} 16. Rc1 {[%clk 0:06:22]} Rfd8
{[%clk 0:07:49]} 17. Bg5 {[%clk 0:05:47]} Re8 {[%clk 0:07:21]} 18. Bh6
{[%clk 0:05:44]} Qe7 {[%clk 0:06:05]} 19. Bg5 {[%clk 0:04:58]} Qf8
{[%clk 0:05:58]} 20. Qb2 {[%clk 0:02:17]} Ng4 {[%clk 0:05:32]} 21. Bb5
{[%clk 0:01:55]} Bc6 {[%clk 0:05:29]} 22. Bxc6 {[%clk 0:01:54]} Rxc6
{[%clk 0:05:38]} 23. d5 {[%clk 0:01:19]} Rcc8 {[%clk 0:05:43]} 24. Qd2
{[%clk 0:01:02]} f6 {[%clk 0:03:48]} 25. Bf4 {[%clk 0:00:19]} e5 {[%clk 0:03:45]}
26. Be3 {[%clk 0:00:25]} c4 {[%clk 0:03:27]} 27. Rcd1 {[%clk 0:00:20]} Qd6
{[%clk 0:03:20]} 28. Qe2 {[%clk 0:00:23]} Nxe3 {[%clk 0:02:35]} 29. Qxe3
{[%clk 0:00:32]} h5 {[%clk 0:02:25]} 30. a4 {[%clk 0:00:34]} Kh7 {[%clk 0:02:01]}
31. Rb1 {[%clk 0:00:32]} Bh6 {[%clk 0:01:52]} 32. Qe2 {[%clk 0:00:41]} Qa3
{[%clk 0:01:35]} 33. Qc2 {[%clk 0:00:45]} Qd6 {[%clk 0:00:56]} 34. a5
{[%clk 0:00:33]} bxa5 {[%clk 0:00:13]} 35. Rb5 {[%clk 0:00:28]} Re7
{[%clk 0:00:18]} 36. Rxa5 {[%clk 0:00:21]} Qb6 {[%clk 0:00:14]} 37. Rea1
{[%clk 0:00:26]} Kg7 {[%clk 0:00:12]} 38. Qa4 {[%clk 0:00:13]} Qd8
{[%clk 0:00:11]} 39. Rxa7 {[%clk 0:00:19]} f5 {[%clk 0:00:12]} 40. Nxe5
{[%clk 0:00:21]} Rxa7 {[%clk 0:00:17]} 41. Qxa7+ {[%clk 0:00:30]} Rc7
{[%clk 0:00:27]} 42. Qd4 {[%clk 0:00:35]} 1-0

[Event "Rapid 2018"]
[Site "Saint-Petersburg"]
[Date "2018.12.28"]
[Round "12"]
[Board "36"]
[White "Hovhannisyan Robert (ARM)"]
[Black "Bocharov Dmitry (RUS)"]
[Result "1-0"]
[LiveChessVersion "1.4.8"]
[BlackElo "2683"]
[WhiteElo "2549"]

1. e4 {[%clk 0:15:18]} c5 {[%clk 0:15:18]} 2. Nf3 {[%clk 0:15:25]} d6
{[%clk 0:15:26]} 3. d4 {[%clk 0:15:33]} cxd4 {[%clk 0:15:34]} 4. Nxd4
{[%clk 0:15:42]} Nf6 {[%clk 0:15:43]} 5. Nc3 {[%clk 0:15:50]} a6 {[%clk 0:15:51]}
6. Be2 {[%clk 0:15:58]} e5 {[%clk 0:15:14]} 7. Nf3 {[%clk 0:16:07]} h6
{[%clk 0:15:05]} 8. Nd2 {[%clk 0:16:15]} b5 {[%clk 0:14:15]} 9. a4
{[%clk 0:16:23]} b4 {[%clk 0:14:23]} 10. Nd5 {[%clk 0:16:32]} Nxd5
{[%clk 0:14:29]} 11. exd5 {[%clk 0:16:41]} a5 {[%clk 0:14:23]} 12. Bb5+
{[%clk 0:16:25]} Bd7 {[%clk 0:14:31]} 13. Nc4 {[%clk 0:16:02]} Qc7
{[%clk 0:12:07]} 14. Qe2 {[%clk 0:15:09]} Ra7 {[%clk 0:09:30]} 15. f4
{[%clk 0:14:27]} f6 {[%clk 0:09:24]} 16. O-O {[%clk 0:13:46]} Be7
{[%clk 0:09:04]} 17. Qh5+ {[%clk 0:12:08]} Kd8 {[%clk 0:09:09]} 18. b3
{[%clk 0:12:16]} Rb7 {[%clk 0:07:59]} 19. Be3 {[%clk 0:11:58]} Be8
{[%clk 0:04:00]} 20. Qg4 {[%clk 0:10:40]} g5 {[%clk 0:02:47]} 21. fxe5
{[%clk 0:10:35]} fxe5 {[%clk 0:02:54]} 22. Bxe8 {[%clk 0:08:19]} Rxe8
{[%clk 0:03:01]} 23. Rf7 {[%clk 0:08:25]} Nd7 {[%clk 0:03:00]} 24. Raf1
{[%clk 0:08:28]} Rb8 {[%clk 0:01:59]} 25. Rh7 {[%clk 0:06:36]} Qb7
{[%clk 0:01:33]} 26. Qd1 {[%clk 0:06:08]} Rf8 {[%clk 0:01:05]} 27. Rxf8+
{[%clk 0:05:50]} Bxf8 {[%clk 0:00:46]} 28. Nxa5 {[%clk 0:05:47]} 1-0

[Event "Rapid 2018"]
[Site "Saint-Petersburg"]
[Date "2018.12.28"]
[Round "12"]
[Board "37"]
[White "Fridman Daniel (GER)"]
[Black "Tukhaev Adam (UKR)"]
[Result "1-0"]
[LiveChessVersion "1.4.8"]
[BlackElo "2556"]
[WhiteElo "2677"]

1. Nf3 {[%clk 0:15:17]} g6 {[%clk 0:15:14]} 2. d4 {[%clk 0:15:19]} Bg7
{[%clk 0:15:17]} 3. c4 {[%clk 0:15:27]} d6 {[%clk 0:15:04]} 4. g3
{[%clk 0:15:33]} Nf6 {[%clk 0:14:58]} 5. Bg2 {[%clk 0:15:41]} O-O
{[%clk 0:15:04]} 6. Nc3 {[%clk 0:15:49]} c5 {[%clk 0:15:02]} 7. O-O
{[%clk 0:15:41]} Nc6 {[%clk 0:15:06]} 8. e3 {[%clk 0:15:40]} Bg4 {[%clk 0:14:52]}
9. h3 {[%clk 0:15:33]} Bxf3 {[%clk 0:14:47]} 10. Bxf3 {[%clk 0:15:41]} Nd7
{[%clk 0:14:51]} 11. Ne2 {[%clk 0:12:08]} Qb6 {[%clk 0:13:51]} 12. Bxc6
{[%clk 0:09:40]} bxc6 {[%clk 0:09:55]} 13. b3 {[%clk 0:09:48]} a5
{[%clk 0:10:03]} 14. Bb2 {[%clk 0:09:23]} a4 {[%clk 0:09:53]} 15. dxc5
{[%clk 0:08:28]} Nxc5 {[%clk 0:09:56]} 16. Bxg7 {[%clk 0:08:35]} Kxg7
{[%clk 0:10:04]} 17. Rb1 {[%clk 0:08:43]} axb3 {[%clk 0:09:24]} 18. axb3
{[%clk 0:08:51]} Qb4 {[%clk 0:08:05]} 19. Nd4 {[%clk 0:08:59]} Rfc8
{[%clk 0:08:09]} 20. h4 {[%clk 0:06:41]} Ra2 {[%clk 0:05:49]} 21. h5
{[%clk 0:06:26]} Qb7 {[%clk 0:04:36]} 22. Qf3 {[%clk 0:05:40]} Qd7
{[%clk 0:03:10]} 23. Kg2 {[%clk 0:05:27]} Ne6 {[%clk 0:02:56]} 24. hxg6
{[%clk 0:04:50]} hxg6 {[%clk 0:03:02]} 25. Rh1 {[%clk 0:04:59]} Nxd4
{[%clk 0:02:36]} 26. Rh7+ {[%clk 0:05:03]} 1-0

[Event "Rapid 2018"]
[Site "Saint-Petersburg"]
[Date "2018.12.28"]
[Round "12"]
[Board "38"]
[White "Gasanov Eldar (UKR)"]
[Black "Melkumyan Hrant (ARM)"]
[Result "1-0"]
[LiveChessVersion "1.4.8"]
[BlackElo "2672"]
[WhiteElo "2547"]

1. Nf3 {[%clk 0:15:10]} c5 {[%clk 0:15:16]} 2. b3 {[%clk 0:14:54]} d6
{[%clk 0:14:42]} 3. e3 {[%clk 0:14:34]} e5 {[%clk 0:14:39]} 4. Bb5+
{[%clk 0:14:28]} Bd7 {[%clk 0:14:12]} 5. Bxd7+ {[%clk 0:14:24]} Nxd7
{[%clk 0:13:17]} 6. e4 {[%clk 0:13:18]} Ne7 {[%clk 0:12:42]} 7. O-O
{[%clk 0:11:39]} g6 {[%clk 0:12:50]} 8. c3 {[%clk 0:11:31]} Bg7 {[%clk 0:12:53]}
9. d4 {[%clk 0:11:18]} exd4 {[%clk 0:10:26]} 10. cxd4 {[%clk 0:11:24]} O-O
{[%clk 0:09:46]} 11. Nc3 {[%clk 0:10:11]} Nc6 {[%clk 0:09:39]} 12. Be3
{[%clk 0:09:16]} Re8 {[%clk 0:09:42]} 13. Rc1 {[%clk 0:08:33]} Rc8
{[%clk 0:08:44]} 14. Nb5 {[%clk 0:06:51]} cxd4 {[%clk 0:05:12]} 15. Nfxd4
{[%clk 0:06:08]} Nc5 {[%clk 0:05:04]} 16. Nxc6 {[%clk 0:05:00]} Rxc6
{[%clk 0:05:13]} 17. Nxa7 {[%clk 0:04:31]} Ra6 {[%clk 0:05:21]} 18. Nb5
{[%clk 0:04:33]} Nxe4 {[%clk 0:05:26]} 19. Nc7 {[%clk 0:04:08]} Nc3
{[%clk 0:05:31]} 20. Rxc3 {[%clk 0:03:52]} Bxc3 {[%clk 0:05:40]} 21. Nxa6
{[%clk 0:03:54]} bxa6 {[%clk 0:05:49]} 22. Qd3 {[%clk 0:03:53]} Be5
{[%clk 0:04:54]} 23. Qxa6 {[%clk 0:03:52]} Qh4 {[%clk 0:05:02]} 24. g3
{[%clk 0:03:29]} Qe4 {[%clk 0:05:10]} 25. Rc1 {[%clk 0:02:53]} d5
{[%clk 0:02:37]} 26. Rc8 {[%clk 0:02:22]} Rxc8 {[%clk 0:02:35]} 27. Qxc8+
{[%clk 0:02:31]} Kg7 {[%clk 0:02:44]} 28. Qc1 {[%clk 0:02:31]} h5
{[%clk 0:02:40]} 29. h4 {[%clk 0:02:03]} d4 {[%clk 0:02:40]} 30. Bd2
{[%clk 0:02:06]} Qd3 {[%clk 0:00:44]} 31. Bh6+ {[%clk 0:02:01]} Kh7
{[%clk 0:00:51]} 32. Qd2 {[%clk 0:02:07]} Qb1+ {[%clk 0:00:41]} 33. Kg2
{[%clk 0:02:14]} Qe4+ {[%clk 0:00:45]} 34. Kg1 {[%clk 0:02:11]} d3
{[%clk 0:00:37]} 35. Be3 {[%clk 0:02:07]} Bd6 {[%clk 0:00:38]} 36. Qc3
{[%clk 0:01:34]} Bxg3 {[%clk 0:00:15]} 37. Qf6 {[%clk 0:01:35]} Be5
{[%clk 0:00:23]} 38. Qxf7+ {[%clk 0:01:38]} Bg7 {[%clk 0:00:32]} 39. Qd7
{[%clk 0:01:38]} Kg8 {[%clk 0:00:25]} 40. a4 {[%clk 0:01:23]} Bf6
{[%clk 0:00:13]} 41. a5 {[%clk 0:01:18]} Qf3 {[%clk 0:00:11]} 42. Qxd3
{[%clk 0:01:12]} Qg4+ {[%clk 0:00:14]} 43. Kf1 {[%clk 0:01:21]} Qh3+
{[%clk 0:00:14]} 44. Ke1 {[%clk 0:00:57]} Kh7 {[%clk 0:00:19]} 45. a6
{[%clk 0:00:45]} Qh1+ {[%clk 0:00:15]} 46. Ke2 {[%clk 0:00:52]} Qxh4
{[%clk 0:00:24]} 47. a7 {[%clk 0:00:41]} Qg4+ {[%clk 0:00:29]} 48. f3
{[%clk 0:00:40]} Qc8 {[%clk 0:00:25]} 49. Qe4 {[%clk 0:00:40]} Qa6+
{[%clk 0:00:31]} 50. Kf2 {[%clk 0:00:37]} Qa2+ {[%clk 0:00:39]} 51. Kg3
{[%clk 0:00:42]} Qe2 {[%clk 0:00:30]} 52. a8=Q {[%clk 0:00:15]} h4+
{[%clk 0:00:38]} 53. Kh3 {[%clk 0:00:18]} Qf1+ {[%clk 0:00:47]} 54. Kh2
{[%clk 0:00:24]} Qe2+ {[%clk 0:00:55]} 55. Kg1 {[%clk 0:00:31]} Qe1+
{[%clk 0:01:04]} 56. Kg2 {[%clk 0:00:39]} h3+ {[%clk 0:00:45]} 57. Kh2
{[%clk 0:00:25]} Qe2+ {[%clk 0:00:23]} 58. Kxh3 {[%clk 0:00:32]} Qf1+
{[%clk 0:00:32]} 59. Kg3 {[%clk 0:00:23]} Be5+ {[%clk 0:00:38]} 60. Qxe5
{[%clk 0:00:19]} Qe1+ {[%clk 0:00:47]} 61. Kg4 {[%clk 0:00:20]} 1-0

[Event "Rapid 2018"]
[Site "Saint-Petersburg"]
[Date "2018.12.28"]
[Round "12"]
[Board "39"]
[White "Sanal Vahap (TUR)"]
[Black "Kovalenko Igor (LAT)"]
[Result "0-1"]
[LiveChessVersion "1.4.8"]
[BlackElo "2665"]
[WhiteElo "2476"]

1. e4 {[%clk 0:14:33]} c5 {[%clk 0:14:36]} 2. Nf3 {[%clk 0:14:34]} e6
{[%clk 0:14:45]} 3. d4 {[%clk 0:14:40]} cxd4 {[%clk 0:14:54]} 4. Nxd4
{[%clk 0:14:46]} Nf6 {[%clk 0:15:03]} 5. Nc3 {[%clk 0:14:50]} Nc6
{[%clk 0:15:11]} 6. Ndb5 {[%clk 0:14:56]} Bb4 {[%clk 0:15:20]} 7. a3
{[%clk 0:15:02]} Bxc3+ {[%clk 0:15:29]} 8. Nxc3 {[%clk 0:15:10]} d5
{[%clk 0:15:38]} 9. Bd3 {[%clk 0:15:16]} d4 {[%clk 0:15:47]} 10. Ne2
{[%clk 0:15:13]} e5 {[%clk 0:15:56]} 11. O-O {[%clk 0:14:18]} O-O
{[%clk 0:16:04]} 12. Ng3 {[%clk 0:12:05]} h6 {[%clk 0:15:20]} 13. Bd2
{[%clk 0:12:02]} Be6 {[%clk 0:15:25]} 14. h3 {[%clk 0:11:41]} Nd7
{[%clk 0:15:30]} 15. Qe2 {[%clk 0:11:21]} Rc8 {[%clk 0:14:56]} 16. Rac1
{[%clk 0:09:19]} Nc5 {[%clk 0:14:56]} 17. b4 {[%clk 0:08:37]} Nxd3
{[%clk 0:15:01]} 18. cxd3 {[%clk 0:08:39]} a6 {[%clk 0:14:23]} 19. f4
{[%clk 0:08:38]} exf4 {[%clk 0:14:02]} 20. Bxf4 {[%clk 0:08:39]} Ne7
{[%clk 0:13:00]} 21. Qf2 {[%clk 0:05:33]} Rxc1 {[%clk 0:06:00]} 22. Bxc1
{[%clk 0:05:11]} Nc6 {[%clk 0:05:53]} 23. Nh5 {[%clk 0:04:41]} Kh8
{[%clk 0:04:18]} 24. Nf4 {[%clk 0:03:26]} Re8 {[%clk 0:02:40]} 25. Qg3
{[%clk 0:03:01]} Qb8 {[%clk 0:01:40]} 26. Qh4 {[%clk 0:02:48]} Qe5
{[%clk 0:01:24]} 27. Nh5 {[%clk 0:02:35]} g5 {[%clk 0:00:41]} 28. Qf2
{[%clk 0:02:42]} Rg8 {[%clk 0:00:42]} 29. Nf6 {[%clk 0:02:34]} Rg6
{[%clk 0:00:38]} 30. Bb2 {[%clk 0:02:01]} Kg7 {[%clk 0:00:31]} 31. Nh5+
{[%clk 0:01:55]} Kf8 {[%clk 0:00:38]} 32. g4 {[%clk 0:01:57]} Ke7
{[%clk 0:00:46]} 33. Rc1 {[%clk 0:01:47]} Qd6 {[%clk 0:00:49]} 34. Rc5
{[%clk 0:01:19]} Kd7 {[%clk 0:00:58]} 35. Ng3 {[%clk 0:01:10]} b6
{[%clk 0:00:39]} 36. Nf5 {[%clk 0:01:08]} Qf4 {[%clk 0:00:32]} 37. Qxf4
{[%clk 0:00:38]} gxf4 {[%clk 0:00:42]} 38. Rc2 {[%clk 0:00:43]} h5
{[%clk 0:00:48]} 39. Rg2 {[%clk 0:00:38]} hxg4 {[%clk 0:00:50]} 40. hxg4
{[%clk 0:00:45]} Ne5 {[%clk 0:00:44]} 41. Bxd4 {[%clk 0:00:41]} Nxd3
{[%clk 0:00:45]} 42. Kh2 {[%clk 0:00:14]} Ne1 {[%clk 0:00:47]} 43. Rf2
{[%clk 0:00:15]} Rxg4 {[%clk 0:00:32]} 44. Bxb6 {[%clk 0:00:20]} Bxf5
{[%clk 0:00:20]} 45. exf5 {[%clk 0:00:27]} Kd6 {[%clk 0:00:30]} 46. Bd4
{[%clk 0:00:13]} Kd5 {[%clk 0:00:36]} 47. Ba7 {[%clk 0:00:15]} Nd3
{[%clk 0:00:36]} 48. Re2 {[%clk 0:00:20]} Ne5 {[%clk 0:00:36]} 49. Bf2
{[%clk 0:00:17]} Nc4 {[%clk 0:00:25]} 50. Re7 {[%clk 0:00:13]} Nd6
{[%clk 0:00:15]} 51. Kh3 {[%clk 0:00:15]} Rg8 {[%clk 0:00:18]} 52. a4
{[%clk 0:00:16]} Ne4 {[%clk 0:00:18]} 53. Bh4 {[%clk 0:00:18]} f6
{[%clk 0:00:24]} 54. Ra7 {[%clk 0:00:15]} f3 {[%clk 0:00:33]} 55. Rxa6
{[%clk 0:00:14]} Rh8 {[%clk 0:00:39]} 56. Ra5+ {[%clk 0:00:13]} Kd4
{[%clk 0:00:46]} 57. Ra7 {[%clk 0:00:21]} f2 {[%clk 0:00:46]} 58. Rd7+
{[%clk 0:00:19]} Ke3 {[%clk 0:00:55]} 59. Rd1 {[%clk 0:00:16]} Kf3
{[%clk 0:01:00]} 0-1

[Event "Rapid 2018"]
[Site "Saint-Petersburg"]
[Date "2018.12.28"]
[Round "12"]
[Board "40"]
[White "Bocharov Ivan (RUS)"]
[Black "Ghaem Maghami Ehsan (IRI)"]
[Result "1-0"]
[LiveChessVersion "1.4.8"]
[BlackElo "2524"]
[WhiteElo "2657"]

1. e4 {[%clk 0:15:10]} c6 {[%clk 0:15:06]} 2. d4 {[%clk 0:15:21]} d5
{[%clk 0:15:14]} 3. e5 {[%clk 0:15:31]} c5 {[%clk 0:14:31]} 4. dxc5
{[%clk 0:15:36]} e6 5. a3 Nc6 {[%clk 0:14:37]} 6. Nf3 {[%clk 0:15:44]} Bxc5
{[%clk 0:14:40]} 7. b4 {[%clk 0:15:51]} Bb6 {[%clk 0:14:48]} 8. Bb2
{[%clk 0:15:55]} Nge7 {[%clk 0:14:30]} 9. Bd3 {[%clk 0:16:01]} Ng6
{[%clk 0:14:36]} 10. O-O {[%clk 0:15:55]} O-O {[%clk 0:13:10]} 11. Re1
{[%clk 0:16:04]} Bd7 {[%clk 0:11:27]} 12. Nbd2 {[%clk 0:16:07]} Nce7
{[%clk 0:09:57]} 13. c4 {[%clk 0:16:05]} Nf4 {[%clk 0:09:36]} 14. Bc2
{[%clk 0:15:08]} dxc4 {[%clk 0:09:36]} 15. Nxc4 {[%clk 0:15:12]} Bc6
{[%clk 0:09:40]} 16. Nd6 {[%clk 0:14:29]} Neg6 {[%clk 0:09:23]} 17. Be4
{[%clk 0:14:34]} Bxe4 {[%clk 0:08:53]} 18. Rxe4 {[%clk 0:14:40]} Qd7
{[%clk 0:08:27]} 19. Qd2 {[%clk 0:14:11]} Nd5 {[%clk 0:08:20]} 20. h4
{[%clk 0:13:59]} f5 {[%clk 0:05:52]} 21. Rc4 {[%clk 0:13:49]} Bc7
{[%clk 0:05:41]} 22. Rac1 {[%clk 0:13:13]} b5 {[%clk 0:03:40]} 23. Rc5
{[%clk 0:12:44]} Nge7 {[%clk 0:03:48]} 24. Nxf5 {[%clk 0:12:15]} Nxf5
{[%clk 0:03:20]} 25. Rxc7 {[%clk 0:12:20]} Qd8 {[%clk 0:03:29]} 26. Rb7
{[%clk 0:08:47]} Nxh4 {[%clk 0:03:35]} 27. Ng5 Qe8 28. Qc2 {[%clk 0:06:24]} Rf5
{[%clk 0:02:41]} 29. Ne4 {[%clk 0:04:42]} Qg6 {[%clk 0:02:50]} 30. Ng3
{[%clk 0:04:42]} Raf8 {[%clk 0:02:55]} 31. Bd4 {[%clk 0:03:28]} h5
{[%clk 0:02:11]} 32. Qe4 {[%clk 0:03:29]} Qg5 {[%clk 0:02:14]} 33. Rcc7
{[%clk 0:03:34]} Nxc7 {[%clk 0:02:14]} 34. Rxc7 {[%clk 0:02:49]} Rf4
{[%clk 0:02:20]} 35. Qe3 {[%clk 0:01:36]} Nxg2 {[%clk 0:02:22]} 36. Kxg2
{[%clk 0:01:34]} h4 {[%clk 0:01:49]} 37. Rxa7 {[%clk 0:00:45]} hxg3
{[%clk 0:01:11]} 38. fxg3 {[%clk 0:00:52]} Qg4 {[%clk 0:01:15]} 39. Bc5
{[%clk 0:00:54]} Re4 {[%clk 0:01:15]} 40. Qd3 {[%clk 0:00:45]} Re2+
{[%clk 0:00:51]} 41. Kg1 {[%clk 0:00:54]} Qf3 {[%clk 0:00:55]} 42. Rxg7+
{[%clk 0:00:51]} Kxg7 {[%clk 0:00:52]} 43. Bxf8+ {[%clk 0:01:00]} Qxf8
{[%clk 0:01:00]} 44. Qxe2 {[%clk 0:01:09]} Qe8 {[%clk 0:00:55]} 45. Qg4+
{[%clk 0:01:05]} Kh7 {[%clk 0:00:57]} 46. Qe4+ {[%clk 0:01:06]} Kg7
{[%clk 0:01:03]} 47. Kf2 {[%clk 0:00:44]} Qd7 {[%clk 0:01:07]} 48. Ke2
{[%clk 0:00:50]} Qc8 {[%clk 0:00:57]} 49. Qd3 {[%clk 0:00:39]} Qc6
{[%clk 0:00:48]} 50. Ke3 {[%clk 0:00:45]} Kh6 {[%clk 0:00:32]} 51. Qd2
{[%clk 0:00:30]} Kg6 {[%clk 0:00:32]} 52. Qd3+ {[%clk 0:00:20]} Kh6
{[%clk 0:00:40]} 53. Kd2 {[%clk 0:00:27]} Kg5 {[%clk 0:00:41]} 54. Qe3+
{[%clk 0:00:35]} Kg6 {[%clk 0:00:34]} 55. Qd4 {[%clk 0:00:18]} Qg2+
{[%clk 0:00:20]} 56. Kc3 {[%clk 0:00:27]} Qa2 {[%clk 0:00:29]} 57. Qd3+
{[%clk 0:00:32]} Kg5 {[%clk 0:00:33]} 58. Qd2+ {[%clk 0:00:40]} 1-0